000 00582nam a2200169Ia 4500
008 220216s9999 xx 000 0 und d
100 _aNair N.U.
245 0 _aLutoid membrane composition as a marker for yield in Hevea brasiliensis
260 _bIRRDB Symposium on Physiological and Molecular Aspects of the Breeding of Hevea brasiliensis, 6-7 November 1995, Penang, Malaysia, pp. 42-46.
_c1995
650 _aBursting index
650 _aLatex flow
650 _aLutoid stability
650 _aPlugging index
700 _aSreelatha S.
700 _aThomas M.
942 _cBS
999 _c50663
_d50663